000 01160cam a2200313 a 4500
001 15370555
003 OSt
005 20170207111757.0
008 080717s2009 cauak b 001 0 eng
010 _a 2008031373
020 _a9780321576576 (pbk.)
020 _a0321576578 (pbk.)
040 _aDLC
_cDLC
_dDLC
050 0 0 _aRA781
_b.H65 2009
082 0 0 _a613.7/1
_222
100 1 _aHopson, Janet L.
245 1 0 _aGet fit, stay well! /
_cJanet L. Hopson, Rebecca J. Donatelle, Tanya R. Littrell.
260 _aSan Francisco, CA :
_bBenjamin Cummings,
_cc2009.
300 _a1 v. (various pagings) :
_bcol. ill., forms ;
_c28 cm.
504 _aIncludes bibliographical references and index.
650 0 _aPhysical fitness
_vTextbooks.
650 0 _aHealth
_vTextbooks.
700 1 _aDonatelle, Rebecca J.,
_d1950-
700 1 _aLittrell, Tanya R.
856 4 1 _3Table of contents only
_uhttp://www.loc.gov/catdir/toc/ecip0823/2008031373.html
906 _a7
_bcbc
_corignew
_d1
_eecip
_f20
_gy-gencatlg
942 _2lcc
_cBK
999 _c255360
_d255359